|
|
|
|
| LEADER |
01193nam a2200325 a 4500 |
| 001 |
000115333 |
| 003 |
CZ BrMZK |
| 005 |
20231017103945.0 |
| 008 |
960815s1996 xr f cze d |
| 015 |
|
|
|a cnb000185098
|
| 035 |
|
|
|a (OCoLC)37250653
|
| 040 |
|
|
|a BOA001
|b cze
|
| 072 |
|
7 |
|a 633
|x Rostlinná výroba
|2 Konspekt
|9 24
|
| 080 |
|
|
|a 632.954
|2 MRF
|
| 080 |
|
|
|a 633/635
|2 MRF
|
| 080 |
|
|
|a (048.8)
|2 MRF
|
| 100 |
1 |
|
|a Kohout, Václav,
|d 1934-
|7 jx20040205008
|4 aut
|
| 245 |
1 |
0 |
|a Kulturní rostliny jako plevel následných plodin :
|b (studijní zpráva) /
|c Václav Kohout.
|
| 246 |
3 |
1 |
|a Volunteer plants in crop rotations
|
| 260 |
|
|
|a Praha :
|b Ústav zemědělských a potravinářských informací,
|c 1996
|
| 300 |
|
|
|a 29 s. :
|b il. ;
|c 21 cm
|
| 490 |
1 |
|
|a Studijní informace. Rostlinná výroba ;
|v 1/96
|
| 500 |
|
|
|a Bibliogr.
|
| 650 |
0 |
7 |
|a hubení plevelů
|7 ph120870
|2 czenas
|
| 650 |
0 |
7 |
|a zemědělské plodiny
|7 ph116763
|2 czenas
|
| 655 |
|
7 |
|a studie
|7 fd133597
|2 czenas
|
| 830 |
|
0 |
|a Studijní informace.
|p Rostlinná výroba
|
| 910 |
|
|
|a BOA001
|b X-1027.662,1
|
| 990 |
|
|
|a BK
|
| 996 |
7 |
|
|b 2610045488
|c X-1027.662,1
|l MZK
|r Sklad / do 24 hodin
|n 9
|p p.v.
|w 000115333
|u 000010
|a 1
|e BOA001
|j MZK50
|s A
|